Datum a čas kvízu
35.5
Celkem bodů
Celkový počet nahraných bodů na tomto kvízu bez doplňovacích otázek.
2.
Pořadí na kvízu
Konečné umístění týmu na tomto kvízu.
Zaznamenané odpovědi
| # | Otázka | Odpověď | Body | Výsledky |
|---|---|---|---|---|
| 1. | Ministr zahraničí České republ... | Madeleine Albrightová | 0 | |
| 2. | Dvaaosmdesátiletý prezident Ab... | Alžírsko | 0 | |
| 3. | Stejně jako je _____ _____ cen... | Skleněný pokoj | 1 | |
| 4. | Možná jste i Vy zaznamenali, ž... | 1 | ||
| 5. | Páteční los určil čtvrtfinálov... | 1C 2B 3D 4A | 1 | |
| 1. | Začneme seriály Breaking Bad (... | metamfetamin | 1 | |
| 2. | Hlavní postava seriálu Ve jmén... | Írán | 0 | |
| 3. | V seriálu Boardwalk Empire ovl... | Atlantic City | 1 | |
| 4. | Herečku Robin Wrightovou, jedn... | Forrest Gump | 1 | |
| 5. | Ve filmech jako Tmavomodrý svě... | David Novotný | 0 |